De tu tierra /

Guardado en:
Autor Principal: Pavese, Cesare
Formato: Libro
Publicado: Cesena : Einaudi, 2001
Series:Un mar de sueños ; 5
Materias:
Etiquetas: Agregar Etiqueta
Sin Etiquetas, Sea el primero en etiquetar este registro!
LEADER 00577nam a22002175a 4500
001 CEM.cems012304
005 20060914082408.0
008 130507s2001##################000#0#####d
003 CEMS
020 |a 8888405054 
082 0 4 |a 853.9 
100 1 |a Pavese, Cesare 
245 1 0 |a De tu tierra /  |c Cesare Pavese 
260 |a Cesena :  |b  Einaudi,  |c 2001 
300 |a 127 p. 
490 0 |a Un mar de sueños ; 5 
653 |a Literatura 
653 |a Literatua italiana 
653 |a Novelas 
653 |a Novelas italianas 
859 |a CEMS  |b BIB. CEMS - 11 de abril  |h 853.9  |i P289  |p 22427.04  |t Ej.1